000 01784cam a22003251i 4500
003 SA-RiAUC
005 20250114065322.0
008 250109s2003 su g f00010 ara c
040 _aSA-JeALM
_bara
_cSA-RiAUC
_erda
043 _aa-su---
082 0 4 _a215.1
_qSA-RiAUC
090 _a215.1
_bش ر ن
100 1 _aالشرنبلالي، حسن بن عمار بن علي،
_d994-1069 هجري
_eمؤلف.
245 1 0 _aإسعاد آل عثمان المكرم ببناء بيت الله المحرم /
_cتأليف حسن بن عمار الشرنبلالي ؛ تحقيق سليمان بن صالح آل كمال.
250 _aالطبعة الأولى.
264 1 _aمكة المكرمة :
_bجامعة أم القرى، مركز البحث العلمي وإحياء التراث الإسلامي،
_c2003
300 _a86 صفحة ؛
_c24 سم.
336 _aنص
_btxt
_2rdacontent
_3كتاب
337 _aبدون وسيط
_bn
_2rdamedia
338 _aمجلد
_bnc
_2rdacarrier
490 1 _aمن التراث الإسلامي
500 _aاهداء من المحقق سليمان بن صالح ال كمال بتاريخ 28 / 11 / 1424 هـ
610 2 7 _aالمسجد الحرام
_xتاريخ
_2aucnm
650 7 _aالمزارات الإسلامية
_2aucsh
700 1 2 _iتحقيق لـ (عمل) :
_aالشرنبلالي، حسن بن عمار بن علي،
_d994-1069 هجري.
_tإسعاد آل عثمان المكرم ببناء بيت الله المحرم
700 1 _aآل كمال، سليمان بن صالح بن سليمان،
_d1377 هجري-
_eمحقق.
830 0 _aمن التراث الإسلامي (جامعة أم القرى. مركز إحياء التراث الإسلامي)
942 _2ddc
_cBOOK
_n0
949 _aSA-JeALM
_d250109
_uosman123
_n1
999 _c4722
_d4722